Top 10 Skinniest U.S. States - Statistics

General Stats
  • This quiz has been taken 118 times
  • The average score is 7 of 10
Answer Stats
Obese % Answer % Correct
23.9% California
85%
24.7% New York
83%
19% Hawaii
80%
24.2% Idaho
67%
23.5% Montana
66%
24.9% Connecticut
65%
20.3% Colorado
63%
24% Massachusetts
61%
24.8% Minnesota
58%
24.6% South Dakota
49%
No matching quizzes found
Score Distribution
Percent of People with Each Score
Percentile by Number Answered
Your Score History
You have not taken this quiz